Análisis de la razón de períodos de oscilación rotacional/traslacional con la razón de rigideces torcional/lateral del piso representativo
Gardado en:
| Autor Principal: | |
|---|---|
| Formato: | Libro |
| Publicado: |
[San José, Costa Rica]
2008
|
| Materias: | |
| Etiquetas: |
Engadir etiqueta
Sen Etiquetas, Sexa o primeiro en etiquetar este rexistro!
|
MARC
| LEADER | 00000nam a2200000Ia 4500 | ||
|---|---|---|---|
| 003 | 010331 | ||
| 005 | 20221231144100.0 | ||
| 008 | 140114s2008 cr aa 000 ||s d | ||
| 040 | |c cru CEDI | ||
| 090 | |a TFG 5636 | ||
| 100 | |a Barrantes Vargas, Hernán |9 4383 | ||
| 245 | |a Análisis de la razón de períodos de oscilación rotacional/traslacional con la razón de rigideces torcional/lateral del piso representativo | ||
| 260 | |c 2008 |b [San José, Costa Rica] | ||
| 300 | |a 134 hojas; ilustraciones a color | ||
| 500 | |a Tesis (licenciatura en ingeniería civil)--Universidad de Costa Rica. Facultad de Ingeniería. Escuela de Ingeniería Civil | ||
| 650 | |x OSCILACIONES |x AMORTIGUACION (MECANICA) |x CODIGO SISMICO |x COSTA RICA |x ESTRUCTURAS |x EDIFICIOS |x DISEÑO Y CONSTRUCCION |x EFECTOS SISMICOS |x INSPECCION |x MARCOS RIGIDOS |9 4384 | ||
| 942 | |c TFG | ||
| 999 | |c 16625 |d 16625 | ||
